000 00462nam a2200181 a 4500
001 1778578638760
003 YourLibrary
005 20260512150840.0
008 260512s2010##################000#0#eng##
020 _a9781905264612
082 0 4 _a422
_bHOR
100 1 _aHorne, Alex,
_eauthor.
245 1 0 _aWordwatching :
260 _bVirgin Books Limited,
_c2010.
650 0 _aEnglish language.
942 _cENGLISH
040 _aYourLibrary
_beng
_cYourLibrary
999 _c623153
_d623153